000 00840nam a22002537a 4500
003 OSt
005 20220107122823.0
008 161125b xxu||||| |||| 00| 0 eng d
020 _a9783319254814
040 _cIIITMK
082 _a616.0754 PAU/U
100 _aPaul, Joseph Suresh
_911034
245 _aUnderstanding phase contrast MR angiography:
_bA pratical approach with MATLAB examples
_cJoseph Suresh Paul and Subha Gouri Raveendran
260 _aSwitzerland,
_bSpringer,
_c2016.
300 _avii, 92p.
440 _aSpringer briefs in electrical and computer engineering
_911035
650 _aMEDICINE
_911036
650 _aIMAGING TECHNOLOGY
_911037
650 _aMAGNETIC RESONANCE IMAGING
_911038
650 _aANGIOGRAPHY
_911039
650 _aMATLAB
_911040
700 _aRaveendran, Subha Gouri
_911041
942 _2ddc
_cBK
999 _c5492
_d5492